000 00298nam a22001337a 4500
008 170503b xxu||||| |||| 00| 0 eng d
020 _a9780314288004
041 _aeng
080 _22nd
_a343.9
100 _a14
101 _ashj
245 _aCRIMINAL PROCEDURE
_cABRAMSON, L.W
942 _2udc
_cBK
999 _c12582
_d12582